000 00868nmm a2200253 a 4500
001 ocm000703803
003 TR-IsHL
005 20201028123928.0
008 130902s1985 tu tur
007 cr cn
035 _a703803
_b(N$T)
050 0 4 _aQA276.18
_bK67 1985
090 0 4 _aQA276.18
_bK67 1985
100 1 _aKorum, Uğur
245 1 0 _aMatematiksel istatistiğe giriş
_h[electronic resource] /
_cUğur Korum
260 _aAnkara :
_bAnkara Üniversitesi Siyasal Bilgiler Fakültesi,
_c1985
300 _a465 p.
650 4 _aMatematik ve İstatistik
650 4 _aMathematics and Statistics
650 0 _aMatematiksel istatistik
650 0 _aMathematical statistics
650 7 _aMATHEMATICS / Probability & Statistics / General
_2bisacsh
856 4 0 _uhttp://search.ebscohost.com/login.aspx?direct=true&scope=site&db=e011xww&AN=703803
999 _c2677
_d2677